Catálogo
 En Linea

Catálogo de Publicaciones Periódicas de la Biblioteca Islámica "Félix María Pareja" / (Registro nro. 42837)

Detalles MARC
000 -CABECERA
campo de control de longitud fija 00775nam a2200193 a 4500
001 - NÚMERO DE CONTROL
campo de control 000043348
005 - FECHA Y HORA DE LA ÚLTIMA TRANSACCIÓN
campo de control 20250909091243.0
008 - DATOS DE LONGITUD FIJA--INFORMACIÓN GENERAL
campo de control de longitud fija 140310s2000 sp 001 0 spa d
020 ## - NÚMERO INTERNACIONAL ESTÁNDAR DEL LIBRO
Número Internacional Estándar del Libro 8472328597
040 ## - FUENTE DE LA CATALOGACIÓN
Centro catalogador/agencia de origen DO-SdBNP
Lengua de catalogación spa
Centro/agencia transcriptor BNPHU
110 2# - ENTRADA PRINCIPAL--NOMBRE DE ENTIDAD CORPORATIVA
Nombre de entidad corporativa o nombre de jurisdicción como elemento de entrada Biblioteca Islámica "Félix María Pareja"
9 (RLIN) 70988
245 10 - MENCIÓN DE TÍTULO
Título Catálogo de Publicaciones Periódicas de la Biblioteca Islámica "Félix María Pareja" /
Mención de responsabilidad, etc. edición a cargo de Nuria Torres Santo Domingo.
260 ## - PUBLICACIÓN, DISTRIBUCIÓN, ETC.
Lugar de publicación, distribución, etc. Madrid :
Nombre del editor, distribuidor, etc. Agencia Española de Cooperación Internacional,
Fecha de publicación, distribución, etc. 2000.
300 ## - DESCRIPCIÓN FÍSICA
Extensión 181 p. ;
Dimensiones 24 cm.
490 1# - MENCIÓN DE SERIE
Mención de serie Mundo árabe e Islam
Designación de volumen o secuencia Bibliografía
500 ## - NOTA GENERAL
Nota general Incluye índice
710 2# - PUNTO DE ACCESO ADICIONAL--NOMBRE DE ENTIDAD CORPORATIVA
Nombre de entidad corporativa o nombre de jurisdicción como elemento de entrada Agencia Española de Cooperación Internacional
9 (RLIN) 34585
830 #0 - PUNTO DE ACCESO ADICIONAL DE SERIE-TÍTULO UNIFORME
Título uniforme Mundo árabe e Islam
Nombre de parte o sección de la obra Bibliografía
9 (RLIN) 70989
Existencias
Estado de retiro Estado de pérdida Restricciones de uso No para préstamo Código de colección Localización permanente Ubicación/localización actual Ubicación en estantería Fecha de adquisición Número de inventario Total de préstamos Signatura topográfica completa Código de barras Fecha visto por última vez Precio válido a partir de Tipo de ítem Koha
      Excluido de préstamo Monografías: Libros y Folletos General General En catalogación 10.03.2014 LF1   43348-10 25.06.2020 25.06.2020 No se presta

Con tecnología Koha